1397 1424 1228 1653 1600 1965 1840 1461 1279 1507 1058 1616 1229 1031 1498 1440 1029 1993 1323 1571 1446 1006 1725 1298 1916 1246 1552 1108 1615 1364 1531 1009 1669 1819 1647 1917 1926 1379 1389 1655 1482 1278 1763 1815 1528 1491 1985 1619 1502 1647 1827 1242 1485 1402 1299 1178 1959 1815 1845 1098 1810 1430 1088 1448 1486 1739 1657 1064 1603 1015 1524 1683 1652 1202 1127 1869 1890 1731 1347 1569 1273 1145 1289 1071 1676 1794 1281 1681 1973 1429 1185 1036 1596 1053 1946 1778 1931 1148 1132 BCNSPRNW ULIB Ver.6.0+V

เปลี่ยนเป็นภาษาไทย

Change to English
 แสดงรายละเอียดบรรณานุกรม
  กลับหน้าหลัก

Brief Record : Get Marc (ISO 2709) : E-mail record : QR code < ปิดหน้าต่าง
LEADER : 00000nam 2200000uu 4500
001    13399115149
003     ULIB
008    110627s2551||||th 000 0 tha d
020    9789740439905
082 0  นว.^bล411ก
090    นว.^bล411ก
100 0  ล
245 00 กุหลาบกลางผืนทราย/^cล
260    กรุงเทพฯ :^bแจ่มใส,^c2551
300    263 หน้า
710 1  แจ่มใส
945    ^p169^l0^i026771
995    ทศพร
999 ^a ใช้งานได้ทุกระบบ
รายการนี้ยังไม่มีแท็ก
คุณยังไม่ได้ล็อกอิน คุณสามารถมีกิจกรรมร่วมกับเว็บไซต์ได้ แต่ต้องล็อกอินก่อน ::
  ล็อกอิน

รายการสื่อสารสนเทศ

ลำดับที่ ประเภท เลขเรียก/บาร์โค้ด สถานที่ สถานะ
1. นวนิยาย
นวนิยาย
นว. ล411กนว. ล411ก ฉ.1 
  Barcode: 026771
ห้องสมุดวิทยาเขตสวรรค์ประชารักษ์
►นวนิยาย
บนชั้น
  ขอยืม

รายการใกล้เคียง
    ผู้แต่ง [ล]

BibComment


ยังไม่เคยถูกคอมเมนท์

คอมเมนท์ทรัพยากรรายการนี้
  คอมเมนท์: กุหลาบกลางผืนทราย ล


 Copyright 2026. Bcnsprnw @Library